| 000 | 01140nam a22002777a 4500 | ||
|---|---|---|---|
| 005 | 20240305165606.0 | ||
| 007 | cr|||| |||| | ||
| 008 | 210531c20179999ec n|w s|||| 0|||b1spa d | ||
| 022 | _a2588-0837 | ||
| 035 | _a33724 | ||
| 040 | _avLex | ||
| 090 |
_c11762 _d11762 |
||
| 245 | 0 | 0 |
_aRevista Facultad de Jurisprudencia _h[Recurso electrónico] / |
| 256 | _aServicio en línea | ||
| 260 |
_aQuito: _bPontificia Universidad Católica del Ecuador, _c2017 - |
||
| 300 | _a1 recurso electrónico | ||
| 310 | _aIrregular | ||
| 362 | _aNº 1 (Jun. 2017) - | ||
| 506 | 1 |
_aDisponible solo en los productos indicados _dvLex Global _dvLex Global (Academic Edition, excluding Law Schools) _dvLex Global (U.S. Academic Edition, Law Schools) _dvLex Global (U.S. Academic Edition, excluding Law Schools) _dvLex Global (Academic Edition, Law Schools) |
|
| 650 | 0 | 4 |
_aDerecho Público y Administrativo _zEcuador |
| 650 | 0 | 4 |
_aDerecho Constitucional _zEcuador |
| 650 | 0 | 4 |
_aDerecho Internacional _zEcuador |
| 740 | 0 | _avLex Revistas (Servicio en línea) | |
| 856 | 4 | 0 | _uhttps://vlex.com/source/revista-facultad-jurisprudencia-33724 |
| 942 | _cRAA | ||
| 999 |
_c169998 _d169998 |
||